000 00336nam a2200133Ia 4500
008 240624s9999 xx 000 0 und d
041 _aeng
082 _a658.406 KOT
100 _aKOTTER JOHN P
245 _aLEADING CHANGE
260 _c1996
_aBoston
_bHarvard Business School Press
300 _ax, , 187 , 23 , p. : cm.
365 _c
999 _c31772
_d31772